00451nam a2200193Ia 4500008004100000020001800041050001400059100001900073245003000092245002200122260001500144260001600159260000900175300001600184300002000200300001000220300001900230500000800249170918s9999 xx 000 0 und d a9780545484923 bM482 2013 aMeadows, Daisy aLindsay the luck fairy / cby Daisy Meadows. aNew York : bScholastic, c2013 a169 pages : billustrations ; c19cm. eRainbow magic. a550